000 00472nam a2200181Ia 4500
005 20250326141126.0
008 250326s9999 xx 000 0 und d
037 _aTextbook
040 _aFMSL
_beng
_cFMSL
041 _aeng
_2eng
084 _qFMSL
100 _aKuldeep Singh, Etc.
_9743762
245 0 _aSelected readings in HRD
_cKuldeep Singh, Etc.
260 _aTata
_bTata, McGraw Hill
_c1996
300 _a228p
942 _cTB
999 _c1288811
_d1288811